00353nam a2200133 a 4500008004100000020001500041050001600056100002500072245005000097246001100147260003100158300002100189350000900210120416s1987 ||||||||||||||||| || u a0706937201 aHC 59.7 Chi aChileshe, Jonathan H10aThird world countries and development options aZambia aNew DelhibVikasc19871987 axii, 22p. : ill. a0.00